[Event "XVIII Orsha GM 2020"]
[Site "Orsha"]
[Date "2020.01.22"]
[Round "7.4"]
[White "Bryakin, Mikhail"]
[Black "Afanasiev, Nikita"]
[Result "1-0"]
[WhiteElo "2442"]
[BlackElo "2516"]
[Annotator "TA"]
[PlyCount "92"]
[EventDate "2020.01.18"]
[EventType "tourn"]
[EventCountry "BLR"]
[SourceTitle "playchess.com"]
[Source "ChessBase"]
[SourceQuality "1"]

{[%evp 21,92,0,0,0,0,0,0,0,0,0,22,25,33,29,78,64,64,68,64,69,69,41,62,69,60,55,98,99,114,101,114,108,80,69,118,86,145,146,141,137,133,129,179,183,288,288,264,232,220,214,1590,1393,1097,1428,1323,1273,5646,5620,5511,5505,5289,2763,2172,1664,6276,5902,5716,5685,2139,1726,1498,1310,765]} 1. d4 Nf6 2. c4 e6 3. g3 c5 4. d5 exd5 5. cxd5 d6 6. Nc3 g6 7. Bg2 Bg7 8. Nf3 O-O 9. O-O Re8 10. Bf4 Ne4 11. Nxe4 Rxe4 12. Nd2 {A62: Modern Benoni: Fianchetto Variation without early ...Nbd7} Rxf4 13. gxf4 Bxb2 14. Rb1 {The position is equal.} Bg7 15. Nc4 (15. e4 Nd7 16. Re1 Bh6 17. e5 Bxf4 18. e6 Ne5 19. Re4 Qf6 {1-0 (31) Yuffa,D (2582)-Saric,I (2703) Skopje 2019}) 15... b6 16. Qa4 {Threatens to win with Nxb6!} Ba6 17. Rfe1 b5 $146 ({Predecessor:} 17... Bxc4 18. Qxc4 Nd7 19. a4 Qh4 {½-½ (69) Markoja,B (2374)-Vykouk,J (2450) Celje 2016}) 18. Rxb5 Bxb5 19. Qxb5 Bf8 20. Bh3 a5 21. e3 f5 22. Rb1 $36 {[%mdl 2048] White has the initiative.} Nd7 {Strongly threatening ...Rb8.} 23. Qc6 Ra7 24. a4 Nb8 25. Qb6 Qxb6 26. Rxb6 Nd7 27. Rb5 Be7 28. Bf1 Kf7 (28... Kf8 $142) 29. Rxa5 $16 Rxa5 30. Nxa5 {[%mdl 4096] Endgame KBN-KBN} Nb6 {[#]} 31. Bb5 $1 Bf6 32. Nc6 Ke8 (32... c4 {was worth a try.} 33. Kf1 (33. a5 c3 $18) 33... c3) 33. a5 $18 {[%cal Ba4a5,Ba5a6][%mdl 32]} Na8 34. Ne5+ Kd8 {[#]} 35. Nc4 $1 Be7 $2 (35... Nc7) 36. a6 {White is clearly winning.} Kc7 37. Bc6 {White threatens a7 and mate.} Kb8 38. Bxa8 Kxa8 {KB-KN} 39. Nb6+ Kb8 {[#]} 40. a7+ $1 {[%mdl 576] Deflection, Decoy} Kxa7 41. Nc8+ {[%mdl 64] Double Attack} Ka6 42. Nxe7 c4 43. Kf1 Kb5 44. Ke2 Kb4 45. Nc6+ Kc5 46. Nd4 Kxd5 {Accuracy: White = 91%, Black = 43%.} 1-0

[Event "XVIII Orsha GM 2020"]
[Site "Orsha"]
[Date "2020.01.22"]
[Round "7.5"]
[White "Nozdrachev, Leonid"]
[Black "Pang, Tao"]
[Result "1/2-1/2"]
[WhiteElo "2404"]
[BlackElo "2367"]
[Annotator "TA"]
[PlyCount "18"]
[EventDate "2020.01.18"]
[EventType "tourn"]
[EventCountry "BLR"]
[SourceTitle "playchess.com"]
[Source "ChessBase"]
[SourceQuality "1"]

{[%evp 14,18,6,0,0,0,85]} 1. e4 e6 2. d4 d5 3. Nc3 Bb4 4. exd5 exd5 5. Bd3 Nc6 6. Nge2 Nge7 7. O-O Bf5 8. Ng3 Bxd3 {C01: French: Exchange Variation} 9. Qxd3 Ng8 $146 (9... Qd7 $11 {keeps the balance.}) ({Predecessor:} 9... Qd7 10. a3 Bxc3 11. Qxc3 h5 12. b4 h4 13. Ne2 h3 14. g3 Nf5 15. b5 Nce7 16. a4 {½-½ (16) Kraus,T (2473)-Diermair,A (2479) Blansko 2019}) 1/2-1/2

[Event "XVIII Orsha GM 2020"]
[Site "Orsha"]
[Date "2020.01.23"]
[Round "8.1"]
[White "Lazavik, Denis"]
[Black "Pang, Tao"]
[Result "1/2-1/2"]
[WhiteElo "2411"]
[BlackElo "2367"]
[Annotator "TA"]
[PlyCount "53"]
[EventDate "2020.01.18"]
[EventType "tourn"]
[EventCountry "BLR"]
[SourceTitle "playchess.com"]
[Source "ChessBase"]
[SourceQuality "1"]

{[%evp 20,53,21,0,11,0,0,-13,-19,-8,-6,-3,12,20,27,0,0,-31,-17,-72,0,0,23,35,27,16,13,0,10,13,26,0,13,0,0,-28]} 1. d4 d5 2. c4 e6 3. Nf3 Nf6 4. Nc3 c6 5. e3 Nbd7 6. Qc2 Bd6 7. b3 O-O 8. Be2 b6 9. O-O Bb7 10. Bb2 Qe7 11. Rad1 Rfd8 {D45: Semi-Slav: 5 e3} (11... Rad8 12. Rfe1 Rfe8 13. Bf1 c5 14. cxd5 exd5 15. g3 Rc8 16. Qb1 cxd4 17. Nxd4 Bb4 18. Qa1 Ne5 19. Bg2 Qd7 20. a3 Bc5 21. Nce2 Ne4 22. Nf4 {½-½ (22) So,W (2760)-Giri,A (2776) Kolkata 2019}) 12. Rfe1 Bb4 13. Qc1 Rac8 14. a3 Bd6 15. Qa1 Ne4 {[#]} 16. Nxe4 $146 ({Predecessor:} 16. b4 f5 17. c5 Bc7 18. a4 a5 19. cxb6 Bxb6 {1-0 (37) Bocharov,D (2595)-Grachev,B (2675) Olginka 2011}) 16... dxe4 17. Nd2 c5 ({Don't play} 17... Qh4 $6 18. g3 $16) 18. Nf1 (18. d5 $5 {[%cal Rd2e4]}) 18... cxd4 19. Bxd4 (19. Rxd4 $11 {keeps the balance.} Nc5 20. Rxd6 Rxd6 21. Bxg7) 19... e5 (19... f6 $17) 20. Bc3 $11 Bxa3 21. Bg4 {[#] Rxd7 is the strong threat.} Bc6 22. Ng3 a5 23. Rd2 Ra8 24. Red1 Bb4 25. Bxd7 Bxd7 26. Nxe4 Bc6 27. Ng3 {Accuracy: White = 16%, Black = 49%.} 1/2-1/2

[Event "XVIII Orsha GM 2020"]
[Site "Orsha"]
[Date "2020.01.23"]
[Round "8.2"]
[White "Afanasiev, Nikita"]
[Black "Nozdrachev, Leonid"]
[Result "1-0"]
[WhiteElo "2516"]
[BlackElo "2404"]
[Annotator "TA"]
[PlyCount "105"]
[EventDate "2020.01.18"]
[EventType "tourn"]
[EventCountry "BLR"]
[SourceTitle "playchess.com"]
[Source "ChessBase"]
[SourceQuality "1"]

{[%evp 21,105,18,10,22,80,30,18,20,66,65,56,64,67,54,145,138,145,135,138,142,134,137,128,156,236,233,433,416,496,510,505,406,641,165,151,54,47,44,162,159,164,111,276,266,266,266,266,260,285,148,160,159,249,243,255,252,250,233,327,332,341,341,332,344,550,546,482,314,310,285,479,477,880,413,464,464,464,464,464,464,470,472,472,470,449,462]} 1. Nf3 Nf6 2. g3 b6 3. Bg2 Bb7 4. O-O e6 5. c4 c5 6. Nc3 Be7 7. Re1 d5 8. cxd5 Nxd5 9. e4 Nb4 10. d4 cxd4 11. Nxd4 N8c6 12. Nxc6 {A30: Symmetrical English: Double Fianchetto and Hedgehog} Bxc6 (12... Qxd1 $11 13. Rxd1 Bxc6) (12... Qxd1 13. Rxd1 Bxc6 14. Bf4 g5 15. Bd6 Bxd6 16. Rxd6 Ke7 17. e5 Bxg2 18. Kxg2 Rhd8 19. Rad1 Rac8 {½-½ (56) Dubov,D (2699)-Durarbayli,V (2617) Douglas 2019}) 13. Qg4 {Threatens to win with Rd1.} h5 {[#]} 14. Qf3 $146 {The position is equal.} ({Predecessor:} 14. Qe2 Qd3 15. Be3 Qxe2 16. Rxe2 O-O 17. Rd1 Rfd8 18. Red2 Rxd2 19. Rxd2 Rd8 {½-½ (19) Ruck,R (2532)-Simantsev,M (2479) Panevezys 2017}) 14... Nc2 15. Rd1 Qc8 16. Rb1 e5 $1 17. Nd5 Bd8 (17... Nd4 $14 18. Qe3 Bxd5 19. exd5 Qg4) 18. Qd3 $16 Nd4 19. Be3 Bb5 20. Qd2 Ne2+ 21. Kh1 {aiming for a4!} h4 {And now ...hxg3 would win.} 22. g4 Qxg4 (22... O-O $16) 23. h3 $1 $18 {[%cal Rh3g4]} Qh5 $2 (23... Qe6 24. a4 Ba6) 24. Qb4 Bd7 25. Qd6 Bb5 26. b3 Nf4 (26... Rh6 $142 27. Bxh6 Qxh6 28. Qxe5+ Kf8) 27. a4 $2 (27. Bxf4 exf4 28. e5) 27... Rh6 {[#]} 28. Nxf4 ({Better is} 28. Nc7+ $1 $16 Bxc7 29. Qxc7) 28... exf4 $14 29. Qxf4 Rf6 (29... Bc6 $1 $14) 30. Qg5 $40 {[%mdl 128] White is out for blood.} Be2 31. e5 (31. Qxh5 $18 Bxh5 32. e5) 31... Qxg5 $2 (31... Rd6 $16 {was called for.} 32. Qxh5 (32. Qxg7 Rg6 $11) 32... Rxd1+ 33. Rxd1 Bxh5) 32. Bxg5 Re6 33. Bxa8 {[%csl Gg5][%cal Rd1d8]} Bxg5 34. Rd4 f6 35. exf6 ({White should try} 35. Re1 $18 Rxe5 36. Bc6+ Kf7 37. Kg1) 35... Bxf6 $16 36. Rd2 Bc3 {[#]} (36... Bg5 $16 37. Ra2 Bd3) 37. Bc6+ $1 $18 {[%mdl 512]} Ke7 (37... Rxc6 38. Rxe2+) 38. Rd7+ Kf6 39. Bd5 Re5 (39... Re7 {might work better.} 40. Rxe7 Kxe7) 40. Rf7+ Kg6 41. Rg1+ Kh6 42. Bf3 g5 (42... Bxf3+ $142 43. Rxf3 Rc5) 43. Bxe2 Rxe2 {[%mdl 4096] Endgame KRR-KRB} 44. Rf5 Bd2 45. Kg2 Bf4 $2 (45... Kg6 46. Rf8 Bb4 47. Rg8+ Kf6) 46. Rf6+ Kg7 {[#]} (46... Kh7 $142 47. Rf7+ {[%mdl 64] Double Attack} Kh6 48. Rxa7 Bd6) 47. Rc6 (47. Rxf4 $142 $1 {[%mdl 512]} Rb2 (47... gxf4 48. Kf3+) 48. Rf5) 47... Kf7 48. Rd1 {White is clearly winning.} Ke7 49. Kf3 Rb2 50. Rd3 Bh2 51. Rg6 Bg1 52. Rxg5 Rxf2+ 53. Ke4 {Accuracy: White = 63%, Black = 29%.} 1-0

[Event "XVIII Orsha GM 2020"]
[Site "Orsha"]
[Date "2020.01.23"]
[Round "8.3"]
[White "Nozdrachev, Vladislav"]
[Black "Bryakin, Mikhail"]
[Result "1-0"]
[WhiteElo "2494"]
[BlackElo "2442"]
[Annotator "TA"]
[PlyCount "95"]
[EventDate "2020.01.18"]
[EventType "tourn"]
[EventCountry "BLR"]
[SourceTitle "playchess.com"]
[Source "ChessBase"]
[SourceQuality "1"]

{[%evp 15,105,-5,3,3,0,0,1,-11,-1,-9,0,-8,77,77,77,77,80,0,78,76,73,75,78,70,75,79,80,81,77,72,105,100,139,139,144,133,181,191,320,307,417,425,453,438,447,446,456,456,456,453,456,456,439,456,431,456,456,456,456,456,456,456,456,456,456,453,448,441,431,425,421,408,533,544,693,681,5306,3125,29971,29974,29973,29974,29973,29974,29975,29976,29982,29983,29986,29987,29987,29988]} 1. e4 e6 2. d4 d5 3. e5 c5 4. c3 Qb6 5. Nf3 Nc6 6. a3 c4 7. Nbd2 Na5 8. Be2 Bd7 9. Qc2 {C02: French: Advance Variation} (9. O-O Ne7 10. Qc2 Qc7 11. Ng5 Nf5 12. g4 Nh4 13. Nxh7 Be7 14. f4 Ng6 15. f5 exf5 16. gxf5 Nxe5 17. dxe5 Qxe5 18. Nf3 {1-0 (63) Alekseenko,K (2704)-Bluebaum,M (2644) Moscow 2019}) 9... O-O-O 10. Rb1 Kb8 $146 ({Predecessor:} 10... h6 11. Bd1 g5 12. O-O f5 13. exf6 Nxf6 14. b3 cxb3 15. Nxb3 Nxb3 16. Qxb3 Qc7 17. Ne5 {½-½ (17) Vinals Rioja,J (2122)-Esplugas Esteve,V Salou 2006}) 11. Ng5 {The position is equal.} Nh6 12. Nxh7 Be7 13. Nf3 Nb3 (13... Nf5 $11) 14. Bxh6 $1 $16 gxh6 15. Nf6 $1 Ba4 16. Qd1 ({White should play} 16. Nh5 $16) 16... Rc8 (16... Bxf6 $11 {keeps the balance.} 17. exf6 Rdf8) 17. Nh5 Qd8 18. O-O Qg8 19. Qe1 $1 Qg6 {[#]} 20. Nd2 $1 Rhg8 {[%csl Gg8][%cal Rg6g2] [#]} 21. g3 $1 Na5 22. Bd1 Bxd1 23. Qxd1 Nc6 24. f4 Qf5 25. Rf2 Qh3 26. Nf1 Rg4 (26... Qf5 {keeps fighting.} 27. Rc1 Ka8) 27. Ne3 $18 Rcg8 {White should prevent ...Rh4.} 28. Nxg4 Rxg4 29. Nf6 Bxf6 30. exf6 Rg6 31. f5 Rxf6 32. Rf4 Ne7 33. Qe2 {Threatens to win with Qe5+.} Kc8 34. Qe5 Rxf5 35. Qh8+ Kd7 36. Rh4 Ng6 37. Rxh3 Nxh8 38. Rxh6 {[%mdl 4096] Endgame KRR-KRN} Ng6 39. Rf1 Rxf1+ 40. Kxf1 {KR-KN} Ke7 41. Ke2 Kf6 42. Kf3 Kg7 43. Rh5 f6 44. g4 b5 45. g5 a5 46. gxf6+ Kxf6 47. Rh6 {White mates.} Kf5 {[#]} 48. Rh7 {Played: Rh6xg6} 1-0

[Event "XVIII Orsha GM 2020"]
[Site "Orsha"]
[Date "2020.01.23"]
[Round "8.5"]
[White "Gleizerov, Evgeny"]
[Black "Zarubitski, Viachaslau"]
[Result "1/2-1/2"]
[WhiteElo "2508"]
[BlackElo "2451"]
[Annotator "TA"]
[PlyCount "217"]
[EventDate "2020.01.18"]
[EventType "tourn"]
[EventCountry "BLR"]
[SourceTitle "playchess.com"]
[Source "ChessBase"]
[SourceQuality "1"]

{[%evp 13,217,43,47,36,44,30,33,24,49,39,35,30,47,19,21,5,13,2,5,5,5,5,5,0,0,-12,-13,-16,88,76,73,93,82,78,123,124,159,156,191,192,185,182,185,185,185,185,192,191,185,178,191,191,204,201,184,190,204,197,202,0,175,146,139,95,92,100,86,55,55,55,44,41,43,28,92,85,92,21,107,42,72,10,107,0,34,0,107,107,107,107,107,107,107,107,107,107,107,107,107,107,107,107,107,107,107,75,107,107,107,107,107,107,107,107,107,0,0,0,107,0,107,0,107,0,107,0,0,0,0,0,0,0,0,0,0,0,0,0,0,0,0,0,0,0,0,0,0,0,0,-4924,-4916,-4916,-4622,-1366,0,0,0,0,0,0,0,0,0,0,0,0,0,0,0,0,0,-7,0,0,0,0,0,0,0,0,0,0,0,0,0,0,0,0,0,0,0,0,0,0,0,0,0,0,0,0,0,-8,-8,-8,0,0]} 1. d4 d5 2. c4 c6 3. Nf3 Nf6 4. Nc3 g6 5. Bf4 Bg7 6. e3 O-O 7. Be2 Be6 8. Qb3 {D93: Grünfeld: 4 Nf3 Bg7 5 Bf4 0-0 6 e3} Qb6 9. c5 Qxb3 10. axb3 {White is slightly better.} Nbd7 11. b4 a6 12. Nd2 $146 ({Predecessor:} 12. b3 Ne4 13. Bd3 f5 14. Ne2 Bf7 15. Ne5 Ndf6 {½-½ (15) Huang,Q (2391)-Yandemirov,V (2520) Moscow 2006}) 12... Nh5 13. Bxh5 gxh5 14. Nb3 Bf5 15. Na5 e5 16. dxe5 Nxe5 17. Bxe5 Bxe5 18. O-O-O Bf6 19. Ne2 Rfe8 20. Nd4 Bg6 (20... Bd7 $11) 21. Nxb7 $16 Reb8 {[#]} 22. Na5 $1 Rxb4 23. Naxc6 Rc4+ {[%mdl 64] Double Attack} 24. Kd2 Bxd4 25. Nxd4 Rb8 26. b3 Rxc5 27. Rc1 Ra5 {With the idea ...Ra2+.} 28. Ra1 Rxa1 29. Rxa1 $18 {[%mdl 4096] Endgame KRB-KRN} Rb6 30. Ra5 Rd6 31. h4 Kf8 32. Rc5 Be4 33. f3 Bb1 34. Ne2 Rb6 35. Kc3 Re6 36. Kd2 ({Weaker is} 36. Rxd5 Rxe3+ 37. Kd2 Rxb3 $11) 36... Rb6 37. Rc3 Ke7 38. Nf4 Kd6 39. Nxh5 Rb4 40. Nf4 d4 $1 {[%cal Rd4c3]} 41. exd4 Rxd4+ 42. Ke3 Rb4 43. Nd3 Bxd3 (43... Rxh4 $11 44. Nc5 Rh2) 44. Rxd3+ $11 {KR-KR} Ke5 45. Rc3 ({White should play} 45. h5 $16) 45... a5 (45... Rxh4 $11 46. Rc5+ Kf6) 46. g4 (46. Rc5+ $16 Kf6 47. Rxa5) 46... Kf6 $14 47. h5 ({Better is} 47. Kf2 $16) 47... h6 (47... Kg5 $1 $11) 48. Kd3 (48. Kf2 $16) 48... Kg7 49. Ke3 ({White should try} 49. Kc2 $14) 49... Kf6 $16 50. Kf2 Kg7 51. Kg3 a4 52. bxa4 Rxa4 53. Rc5 Ra1 54. Kf4 Rh1 55. Kf5 Rh3 56. f4 Rh1 57. Re5 Rh4 58. Re4 Rh1 59. Ke5 Ra1 60. Rd4 Re1+ 61. Kf5 Rh1 62. Rd6 Rh4 63. Rd1 Rh3 64. Ke5 (64. Rd5 $16) 64... Re3+ $11 65. Kf5 (65. Kd6 $11) 65... Rh3 $1 $16 66. Rd4 (66. Rd5 $16) 66... Rh4 (66... Rh1 $1 $11 {remains equal.}) 67. Re4 Rh1 $1 68. Ke5 Ra1 $1 69. f5 (69. Rc4 $16) 69... Ra5+ $1 $11 70. Kf4 Kf6 71. Rc4 Ra6 72. Ke4 Ra5 73. Rc6+ Kg5 74. Rc7 Ra4+ 75. Ke5 f6+ 76. Ke6 {aiming for Rg7+.} Re4+ 77. Kf7 Rxg4 78. Kg7 Ra4 79. Rf7 Ra6 80. Re7 Ra5 81. Kh7 $2 {[%mdl 8192]} (81. Re2 $11) 81... Kxh5 82. Rg7 Rxf5 83. Rg6 {[#]} Ra5 $2 (83... Kh4 $1 $19 {And now ...h5 would win.} 84. Kg7 h5) 84. Rxh6+ {The position is equal.} Kg5 85. Rg6+ $1 Kf5 86. Rg1 Re5 87. Rf1+ Kg5 {White must now prevent ...Re7+.} 88. Rg1+ Kf5 89. Rf1+ Ke6 90. Kh6 Re4 91. Kg6 Rg4+ 92. Kh5 f5 93. Re1+ Re4 94. Rf1 Ke5 95. Kg5 Rg4+ 96. Kh5 Rg3 97. Re1+ Kd4 (97... Kf6 {looks sharper.} 98. Kh4 Rg4+ 99. Kh5 Rg8 100. Kh4 Rh8+) 98. Kh4 Re3 99. Ra1 Ke4 100. Ra4+ Ke5 101. Ra5+ Kf4 102. Ra4+ Re4 103. Ra3 Re5 (103... Re1 $5 104. Ra4+ $8 Re4 $11) 104. Rb3 Rd5 (104... Re8 {feels hotter.} 105. Rb4+ Re4 106. Rb3 Ra4 107. Kh5 Ke5) 105. Ra3 Rd2 106. Ra4+ Ke5 {( -> ...Rd4+)} 107. Kg3 Rd3+ 108. Kf2 f4 109. Ra8 {Accuracy: White = 59%, Black = 65%.} 1/2-1/2

[Event "XVIII Orsha GM 2020"]
[Site "Orsha"]
[Date "2020.01.24"]
[Round "9.1"]
[White "Zarubitski, Viachaslau"]
[Black "Lazavik, Denis"]
[Result "1/2-1/2"]
[WhiteElo "2451"]
[BlackElo "2411"]
[Annotator "TA"]
[PlyCount "70"]
[EventDate "2020.01.18"]
[EventType "tourn"]
[EventCountry "BLR"]
[SourceTitle "playchess.com"]
[Source "ChessBase"]
[SourceQuality "1"]

{[%evp 28,70,22,0,0,-6,23,0,0,-10,-8,-27,-32,-30,-27,-35,-34,-56,-47,-52,0,0,0,0,0,0,0,0,0,0,0,0,0,0,0,0,0,0,0,0,0,0,0,-28,-18]} 1. d4 d5 2. Nf3 Nf6 3. c4 c6 4. Nc3 dxc4 5. a4 Bf5 6. e3 e6 7. Bxc4 Bb4 8. O-O O-O 9. Qe2 Nbd7 10. e4 Bg6 11. Bd3 Bh5 12. e5 Nd5 13. Nxd5 cxd5 14. Qe3 Be7 15. Bd2 Nb8 {D19: Slav Defence: 5 a4 Bf5 6 e3: Main line with 9 Qe2} 16. b4 {[#]} Bg6 $146 ({Predecessor:} 16... Bxf3 17. Qxf3 Nc6 18. Qg4 g6 19. b5 Na5 20. Bh6 Re8 21. Rae1 Nc4 22. f4 Bb4 23. f5 exf5 24. Bxf5 Bxe1 25. Rxe1 {½-½ (45) Korobov,A (2679)-Inarkiev,E (2695) Plovdiv 2012}) 17. Be2 a5 {The position is equal.} 18. bxa5 Nc6 19. Rfc1 {Threatening a6!} Nxa5 20. Bb5 Nc4 21. Qe2 Nxd2 22. Nxd2 Bg5 23. g3 Qb6 (23... Qa5 $15 24. f4 Be7) 24. h4 $11 Bh6 25. Rc5 Bh5 26. Qxh5 {[#] Nb3 is the strong threat.} Bxd2 27. Rb1 {Hoping for Bd3!} Qa7 28. Bd3 {[%csl Gd3][%cal Rh5h7]} g6 29. Qe2 Bh6 30. a5 Rac8 31. Qc2 Rxc5 32. Qxc5 Ra8 33. Qe7 Qxa5 34. Rxb7 Rf8 35. Qb4 Qxb4 {Accuracy: White = 42%, Black = 87%.} 1/2-1/2

[Event "XVIII Orsha GM 2020"]
[Site "Orsha"]
[Date "2020.01.24"]
[Round "9.3"]
[White "Bryakin, Mikhail"]
[Black "Zhukovskiy, Vadim M."]
[Result "0-1"]
[WhiteElo "2442"]
[BlackElo "1898"]
[Annotator "TA"]
[PlyCount "126"]
[EventDate "2020.01.18"]
[EventType "tourn"]
[EventCountry "BLR"]
[SourceTitle "playchess.com"]
[Source "ChessBase"]
[SourceQuality "1"]

{[%evp 21,126,14,6,0,0,0,0,0,4,0,0,0,48,0,20,-1,3,-1,62,-37,-34,-62,-47,-128,-127,-134,-74,-96,0,0,0,0,3,0,42,42,46,9,14,0,0,0,0,0,0,-2,0,0,0,-54,-62,-62,-62,-62,-62,-83,-75,-110,-25,-309,-309,-464,0,-610,-610,-677,-600,-571,-343,-343,-338,-335,-337,-302,-333,-275,-321,-478,-662,-624,-577,-924,-904,-1054,-1003,-776,-477,-1034,-859,-569,-421,-484,-254,-184,-21,-208,-209,-207,-222,-4606,-2394,-29945,-5414,-29976,-29977,-29977,-514]} 1. d4 Nf6 2. c4 e6 3. g3 c5 4. d5 exd5 5. cxd5 d6 6. Nc3 g6 7. Bg2 Bg7 8. Nf3 O-O 9. O-O Re8 10. Bf4 Ne4 11. Nxe4 Rxe4 12. Nd2 {A62: Modern Benoni: Fianchetto Variation without early ...Nbd7} Rxf4 13. gxf4 Bxb2 14. Rb1 {The position is equal.} Bg7 15. Qb3 (15. e4 Nd7 16. Re1 Bh6 17. e5 Bxf4 18. e6 Ne5 19. Re4 Qf6 {1-0 (31) Yuffa,D (2582)-Saric,I (2703) Skopje 2019}) 15... Na6 {[%cal Bb8a6,Ba6b4,Bb4a2,Ba2c3][%mdl 32]} 16. Qg3 Bh6 17. e4 Nb4 18. Rfd1 Qf6 19. e5 Qf5 $146 (19... Qxf4 $11 20. a3 Nc2) ({Predecessor:} 19... Qxf4) 20. Be4 ({White should try} 20. Qh4 $14 Bxf4 21. Qd8+ Kg7 22. e6 fxe6 23. dxe6 Qxe6 24. Ne4) 20... Qxf4 $15 21. a3 Na2 22. Rb2 {[#]} (22. Rb3 $1 $15) 22... Nc3 $1 $17 {[%cal Rc3e2][%mdl 512] Strongly threatening ...Ne2+.} 23. Re1 (23. Qxc3 Qg4+) 23... Qxg3+ (23... Qxe5 $142 {aiming for ...Ne2+!} 24. Qxe5 dxe5) 24. hxg3 Bxd2 (24... dxe5 $17 25. Bg2 Bf5) 25. Rxd2 $11 Nxe4 26. Rxe4 $17 {[%mdl 4096] Endgame KRR-KRB} Bf5 27. Rc4 b5 28. Rc1 c4 29. Rb2 a6 30. a4 dxe5 {next ...Bd7 is good for Black.} 31. axb5 axb5 32. Rxb5 Bd3 33. f4 exf4 34. gxf4 c3 35. Rc5 ({Better is} 35. Rb3 $11) 35... c2 $1 $15 36. Kf2 Bf5 37. d6 Rd8 38. Rc6 h5 39. Ke3 {[#]} h4 (39... Re8+ $1 $17 40. Kf2 Kg7) 40. Kd4 $2 {[%mdl 8192]} (40. R1xc2 $11 {and White has nothing to worry.} Bxc2 41. Rxc2) 40... h3 $19 41. Kd5 (41. R1xc2 {keeps fighting.} Bxc2 42. Rxc2 Rxd6+ 43. Ke3) 41... Kg7 $2 ({Black should play} 41... h2 $19 {White must now prevent ...Re8.} 42. Rc7 Bg4 43. R7xc2 Bf3+ 44. Ke5 h1=Q 45. Rxh1 Bxh1) 42. Rc7 $2 {[%mdl 8192]} (42. R6xc2 $11 Bxc2 43. Rxc2) 42... Kf6 43. Rh1 Rb8 44. d7 Bxd7 {Threatens to win with ...Rb1.} 45. Rxc2 Be6+ 46. Kd4 Rb4+ 47. Ke3 Rb3+ 48. Kf2 Kf5 49. Rd1 (49. Ra1 $142) 49... Kxf4 50. Rd4+ Ke5 51. Rh4 g5 52. Rc5+ Bd5 53. Rh5 f6 54. Kg1 (54. Ra5 $142) 54... Kd4 55. Rc2 Bg2 56. Rf2 Ke5 (56... g4 $142 {And now ...g3 would win.} 57. Rxf6 Bf3 58. Rxf3 Rxf3) 57. Kh2 Rb4 $2 (57... Bf3 $19 58. Rxh3 Kf4) 58. Rh8 $2 (58. Rh6 $1 $11 {and White stays safe.}) 58... Rf4 59. Rb2 Kf5 60. Rb6 $2 (60. Rhb8) 60... Kg4 61. Rg8 Rf2 (61... Be4 $142 62. Re8 Rf2+ 63. Kg1 h2+ 64. Kxf2 h1=Q 65. Rxf6 Qb1 66. Rd6 Qb2+ 67. Ke3 Qa3+ 68. Kxe4 Qxd6 69. Rh8 Qe6+ 70. Kd3 Qb3+ 71. Ke4 Qc4+ 72. Ke3 Qc3+ 73. Ke4 Qxh8 74. Kd5 Qc3 75. Kd6 Kf5 76. Kd5 Qb4 77. Kc6 Ke6 78. Kc7 Qb5 79. Kc8 Kd6 80. Kd8 Qd7#) 62. Rb4+ Be4+ 63. Kg1 h2+ {Accuracy: White = 26%, Black = 63%.} 0-1

[Event "XVIII Orsha GM 2020"]
[Site "Orsha"]
[Date "2020.01.24"]
[Round "9.4"]
[White "Nozdrachev, Leonid"]
[Black "Nozdrachev, Vladislav"]
[Result "1/2-1/2"]
[WhiteElo "2404"]
[BlackElo "2494"]
[Annotator "TA"]
[PlyCount "39"]
[EventDate "2020.01.18"]
[EventType "tourn"]
[EventCountry "BLR"]
[SourceTitle "playchess.com"]
[Source "ChessBase"]
[SourceQuality "1"]

{[%evp 11,20,16,14,8,18,8,15,4,20,13,16]} 1. e4 e6 2. d4 d5 3. Nc3 Bb4 4. exd5 exd5 5. Bd3 Nc6 6. Nge2 Nge7 {The position is equal.} 7. a3 {C01: French: Exchange Variation} (7. Bg5 f6 8. Bf4 Bf5 9. O-O Qd7 10. Re1 O-O-O 11. Be3 g5 12. a3 Bxc3 13. Nxc3 Bxd3 14. Qxd3 Nf5 15. Na4 b6 {0-1 (40) Bortnyk,O (2602)-Akobian,V (2618) Saint Louis 2019}) 7... Bxc3+ 8. bxc3 Bf5 9. O-O Qd7 10. Ng3 Bxd3 {Predecessor:} 11. cxd3 $146 O-O 12. a4 Ng6 13. Ba3 Nce7 14. f4 f5 15. Qb3 b6 16. Qb5 c6 17. Qa6 Rfe8 18. a5 b5 19. Rae1 Rad8 20. Nh5 {½-½ (20) Daurelle,H (2362)-Myers,D (2392) LSS email 2009} 1/2-1/2